GALILEA DEL I° SECOLO (LA) (Record n. 107245)

Dettagli MARC
000 -LEADER
fixed length control field 02133agaaa2200313 4500
001 - CONTROL NUMBER
control field 4687
003 - CONTROL NUMBER IDENTIFIER
control field IT-RoPAU
005 - DATE AND TIME OF LATEST TRANSACTION
control field 20220918181256.0
007 - PHYSICAL DESCRIPTION FIXED FIELD--GENERAL INFORMATION
fixed length control field d cvaizq
008 - FIXED-LENGTH DATA ELEMENTS--GENERAL INFORMATION
fixed length control field 50131s9999||||xx ||| | || ||und||
040 ## - CATALOGING SOURCE
Original cataloging agency IT-RoPAU
Transcribing agency IT-RoPAU
041 ## - LANGUAGE CODE
Language code of text/sound track or separate title ITALIANO
100 ## - MAIN ENTRY--PERSONAL NAME
Personal name Di Diodato Roberto
Miscellaneous information Codice regista SPICS: 55765
9 (RLIN) 51178
130 ## - MAIN ENTRY--UNIFORM TITLE
Uniform title GALILEA DEL Iø SECOLO (LA)
9 (RLIN) 51179
245 ## - TITLE STATEMENT
Title GALILEA DEL I° SECOLO (LA)
Statement of responsibility, etc. Diretto da: Di Diodato Roberto
Name of part/section of a work GALILEA DEL I° SECOLO (LA) (Rif. Codice opera principale : H4687)
250 ## - EDITION STATEMENT
Edition statement Edizione Standard
260 ## - PUBLICATION, DISTRIBUTION, ETC. (IMPRINT)
Place of publication, distribution, etc. MILANO (ITALIA)
Name of publisher, distributor, etc. TELENOVA - SAT2000 - ITA 2003 /
Date of manufacture "2003 (1° ed.: 2004 ; Ed. Lingua Orig.: n.d.)"
300 ## - PHYSICAL DESCRIPTION
Extent VHS
Other physical details sonoro, col.
Dimensions 55 minuti
508 ## - CREATION/PRODUCTION CREDITS NOTE
Creation/production credits note "Montaggio: Alba Maurizio; Soggetto: Borgonovo Gianantonio -- Gironi Primo"
520 ## - SUMMARY, ETC.
Summary, etc. "PRIMA DELLE TRE VIDEOCASSETTE DELLA COLLANA IL CAMMINO DI DIO CON L'UOMO. E' LA PIU' RECENTE E APPROFONDITA INDAGINE SULLE PAGINE PIU' DIFFICILI E MENO CONOSCIUTE DELL'ANTICO TESTAMENTO. UNA SPECIE DI GRANDE QUARK CHE INTENDE AVVICINARE LA GENTE ALLA PAROLA DI DIO PER FARNE SCOPRIRE IL FASCINO ETERNO E MISTERIOSO. LE IMMAGINI SONO STATE GIRATE NEI LUOGHI PIU' IMPORTANTI ENEI SITI ARCHEOLOGICI PIU' ANTICHI E SUGGESTIVI DEL VICINO ANTICO ORIENTE.IN QUESTA VIDEOCASSETTA: LA SITUAZIONE GEOPOLITICA DELLA GALILEA; LE CONDIZIONI SOCIO-ECONOMICHE DELLA REGIONE; ERODE E I ROMANI; LO STORICO GIUSEPPEFLAVIO; I RAPPORTI FRA GALILEA E GIUDEA; LA SINAGOGA DI BEIT ALFA; GLI SPLENDORI DI TIBERIADE, BET SHEAN, CESAREA MARITTIMA, SEPPHORIS; IL TERRENO DELLE RIVOLTE GALILAICHE; LE RIVOLTE GIUDAICHE."
538 ## - SYSTEM DETAILS NOTE
System details note PAL, STEREO
546 ## - LANGUAGE NOTE
Language note ITALIANO
650 ## - SUBJECT ADDED ENTRY--TOPICAL TERM
Topical term or geographic name as entry element DOCUMENTARIO
Relator term TV-PROGRAMMI RELIGIOSI [VHS]
General subdivision Codice MATERIA SPICS: 9963
9 (RLIN) 36814
700 ## - ADDED ENTRY--PERSONAL NAME
Personal name Borgonovo Gianantonio
Relator term (soggetto)
Miscellaneous information Codice Soggetto SPICS: 57465
9 (RLIN) 51180
700 ## - ADDED ENTRY--PERSONAL NAME
Personal name Di Diodato Roberto
Relator term (regista)
Miscellaneous information Codice regista SPICS: 55765
9 (RLIN) 51181
700 ## - ADDED ENTRY--PERSONAL NAME
Personal name Gironi Primo
Relator term (soggetto)
Miscellaneous information Codice Soggetto 2° SPICS: 34827
9 (RLIN) 51182
700 ## - ADDED ENTRY--PERSONAL NAME
Personal name Giuliani Stefania
Relator term (regista)
Miscellaneous information Codice secondo regista SPICS: 57464
9 (RLIN) 51183
942 ## - ADDED ENTRY ELEMENTS (KOHA)
Koha item type VHS - VIDEO
Source of classification or shelving scheme Dewey Decimal Classification
Dati di copia
Withdrawn status Lost status Damaged status Not for loan Home library Current library Date acquired Total Checkouts Full call number Date last seen Price effective from Koha item type Public note
    Buone Condizioni Not For Loan SPICS-MEDIATECA SPICS-MEDIATECA 31/01/2015   H4687 31/01/2015 31/01/2015 VHS - VIDEO Progr. Ins.: 3121 / N.Vol.:1 / Copie: 1 / Pag.:0 / Copia rara: n.d. / date import: 1.2.2015 / By Epidotti, Trombetti, Vaglietti
CREDITS: SOCIETA' SAN PAOLO Via A.Severo, 58 - ROMA (RM) & PERIODICI SAN PAOLO SRL Via Giotto, 36 MILANO & CISF Via Giotto, 36 MILANO & EDIZIONI SAN PAOLO SRL,  Piazza Soncino, 5 CINISELLO BALSAMO (MI) -- ITALY